| 000 | 00512nam a2200133Ia 4500 | ||
|---|---|---|---|
| 008 | 160809s9999 xx 000 0 und d | ||
| 100 | _aPetricca, Luca. | ||
| 245 | _aCorrosion Detection Using A.I : A Comparison of Standard Computer Vision Techniques and Deep Learning Model | ||
| 245 | _cLuca Petricca, Tomas Moss, Gonzalo Figueroa and Stian Broen. | ||
| 260 | _bComputer Science and Information Technology | ||
| 260 | _cMayo-16 | ||
| 650 | _xINFORMATION TECHNOLOGY | ||
| 856 | _uhttp://airccse.org/V6N53.html | ||
| 999 |
_c300102 _d300102 |
||